000 00521nam a2200181 i 4500
001 99155
003 ES-MaACL
005 20230906182442.0
007 t|
008 050902s1968 sp ||||1| spa d
100 1 _aAgacir.
_977504
245 1 0 _aPor el aire claro /
_cManuel Fulgencio Martín García.
260 _aSalamanca :
_b[s.n.],
_c1968 (
_fGráf. Europa)
300 _a109 p. ;
_c19 cm.
852 _aES-MaACL
_jC-47092
_bR.80821
852 _aES-MaACL
_jE-5023
_bR.88943
852 _aES-MaACL
_jE-5022
_bR.89052
999 _c99155
_d99155